书目信息 |
| 题名: |
阳台访客
|
|
| 作者: | 锈孩子 著 | |
| 分册: | ||
| 出版信息: | 北京 中国林业出版社 2019 |
|
| 页数: | 119页 | |
| 开本: | 24cm | |
| 丛书名: | ||
| 单 册: | ||
| 中图分类: | Q96-49 , Q94-49 , Q96 | |
| 科图分类: | ||
| 主题词: | 植物--青少年读物 , 昆虫--青少年读物 | |
| 电子资源: | ||
| ISBN: | 978-7-5219-0248-8 | |
| 000 | 00928cam0 2200265 450 | |
| 001 | 2370393065 | |
| 005 | 20231102193331.65 | |
| 010 | @a978-7-5219-0248-8@dCNY58.00 | |
| 100 | @a20200408d2019 demy0chiy50 ea | |
| 101 | 0 | @achi |
| 102 | @aCN@b110000 | |
| 105 | @aa z 000yy | |
| 200 | 1 | @a阳台访客@9yang tai fang ke@e在花园里上自然课@f锈孩子著 |
| 210 | @a北京@c中国林业出版社@d2019 | |
| 215 | @a119页@c照片@d24cm | |
| 330 | @a阳台来客是作者以时间为线索,以日记的形式记录阳台上飞过来或爬过来的一些昆虫,它们的形态特征、它们的日常生活、它们从幼虫到成虫的变化,它们与植物的关系等等系列科普。文字优美轻松易读,是很好的青少年科普书。 | |
| 517 | 1 | @a在花园里上自然课@9zai hua yuan li shang zi ran ke |
| 606 | 0 | @a植物@j青少年读物 |
| 606 | 0 | @a昆虫@j青少年读物 |
| 690 | @aQ96-49@v5 | |
| 690 | @aQ94-49@v5 | |
| 690 | @aQ96@v4 | |
| 701 | 0 | @a锈孩子@9xiu hai zi@4著 |
| 801 | 0 | @aCN@b91MARC@c20200408 |
| 905 | @aBZT@dQ96@e15 | |
| 阳台访客:在花园里上自然课/锈孩子著.-北京:中国林业出版社,2019 |
| 119页:照片;24cm |
| ISBN 978-7-5219-0248-8:CNY58.00 |
| 阳台来客是作者以时间为线索,以日记的形式记录阳台上飞过来或爬过来的一些昆虫,它们的形态特征、它们的日常生活、它们从幼虫到成虫的变化,它们与植物的关系等等系列科普。文字优美轻松易读,是很好的青少年科普书。 |
| ● |
| 相关链接 |
|
|
|
正题名:阳台访客
索取号:Q96/15
 
预约/预借
| 序号 | 登录号 | 条形码 | 馆藏地/架位号 | 状态 | 备注 |
| 1 | 2000978333 | 2000978333 | 中教、安徽混合/山东中教(第一批)/128/ [索取号:Q96/15] | 在馆 | |
| 2 | 2000978334 | 2000978334 | 中教、安徽混合/山东中教(第一批)/128/ [索取号:Q96/15] | 在馆 | |
| 3 | 2000978335 | 2000978335 | 中教、安徽混合/山东中教(第一批)/128/ [索取号:Q96/15] | 在馆 | |
| 4 | 2000978336 | 2000978336 | 中教、安徽混合/山东中教(第一批)/128/ [索取号:Q96/15] | 在馆 | |
| 5 | 2000978337 | 2000978337 | 中教、安徽混合/山东中教(第一批)/128/ [索取号:Q96/15] | 在馆 | |
| 6 | 2000978338 | 2000978338 | 中教、安徽混合/山东中教(第一批)/128/ [索取号:Q96/15] | 在馆 |